Loading...
| Literature - British | 1 | 5 | 0 | 2 | 65 | 62 | 110.83 | 1 | 2 | 10.10 | 23.45 |
| Literature - European | 0 | 4 | 0 | 2 | 40 | 108 | 130.75 | 0 | 1 | 2.32 | 11.07 |
| Science - Other | 1 | 2 | 0 | 0 | 35 | 52 | 72.33 | 0 | 1 | 8.07 | 11.67 |
| History - European | 1 | 1 | 0 | 0 | 25 | 43 | 79.00 | 0 | 0 | 5.88 | 9.76 |
| History - World | 0 | 2 | 0 | 0 | 20 | 83 | 98.00 | 1 | 1 | 3.45 | 9.88 |
| Fine Arts - Other Arts | 0 | 2 | 0 | 0 | 20 | 88 | 103.50 | 1 | 1 | 3.18 | 9.29 |
| Philosophy | 0 | 2 | 1 | 0 | 15 | 117 | 129.00 | 0 | 0 | 0.81 | 4.88 |
| Literature - American | 0 | 3 | 3 | 0 | 15 | 101 | 109.00 | 0 | 1 | 5.31 | 11.82 |
| Social Science | 0 | 1 | 0 | 0 | 10 | 125 | 125.00 | 0 | 0 | 0.04 | 2.86 |
| Literature - World | 0 | 2 | 2 | 0 | 10 | 78 | 87.50 | 1 | 1 | 5.74 | 10.12 |
| Modern World | 0 | 1 | 0 | 0 | 10 | 93 | 93.00 | 0 | 0 | 4.88 | 3.64 |
| Science - Physics | 0 | 1 | 1 | 0 | 5 | 119 | 119.00 | 0 | 0 | 1.05 | 2.00 |
| Beliefs | 0 | 1 | 1 | 0 | 5 | 75 | 75.00 | 1 | 1 | 1.79 | 4.76 |
| History - American | 0 | 0 | 0 | 0 | 0 | 0.00 | 0 | 0 | 0.00 | 0.00 | |
| History - Ancient | 0 | 0 | 1 | 0 | -5 | 0.00 | 0 | 0 | 0.00 | 0.00 |